Statistics for France World Cup 1998 Squad

Click here to take the quiz!

General Stats

  • This quiz has been taken 2,070 times
  • The average score is 14 of 22

Answer Stats

PositionClub (Then)Club (Now)Answer% Correct
FWMonacoNew York Red BullsThierry Henry
96%
MDJuventusRetiredZinedine Zidane
96%
GKMonacoRetiredFabien Barthez
91%
MDJuventusMarseille (Manager)Didier Deschamps
84%
DFMarseilleFrance (Manager)Laurent Blanc
82%
FWMonacoRiver PlateDavid Trezeguet
80%
MDArsenalRetiredEmmanuel Petit
80%
DFParmaRetiredLilian Thuram
78%
DFAC MilanRetiredMarcel Desailly
76%
DFBayern MunichRetiredBixente Lizarazu
74%
MDArsenalManchester City (Football Development Executive)Patrick Vieira
68%
MDMetzFree AgentRobert Pires
62%
FWInter MilanRetiredYouri Djorkaeff
59%
GKParis Saint-GermainRetiredBernard Lama
52%
FWMarseilleRetiredChristophe Dugarry
49%
MDReal MadridRetiredChristian Karembeu
47%
DFChelseaRetiredFrank Leboeuf
47%
FWAuxerreRetiredStephane Guivarc'h
47%
GKAuxerreAtjeh United (Manager)Lionel Charbonnier
27%
MDSampdoriaRetiredAlain Boghossian
24%
MDAuxerreRetiredBernard Diomede
23%
DFAS RomaRetiredVincent Candela
17%

Score Distribution

Percentile by Number Answered

Percent of People with Each Score

Your Score History

You have not taken this quiz